| 000 | 00741nam a2200253Ia 4500 | ||
|---|---|---|---|
| 003 | OSt | ||
| 005 | 20220928112546.0 | ||
| 006 | a|||||r|||| 00| 0 | ||
| 007 | ta | ||
| 008 | 220927b |||||||| |||| 00| 0 hin d | ||
| 020 | _cINR 1500.00 | ||
| 024 | _a135088 | ||
| 037 |
_b304, 09/03/2017, Eastern Book Linkers _cTextual |
||
| 040 |
_aSDCL _cSDCL _bhin |
||
| 041 |
_2hin _ahin |
||
| 082 | _aR, Q6 | ||
| 100 |
_aDubey Vijay Kant _9428759 |
||
| 245 | 0 |
_aAnuprayukt darshanshastra _b Vividh aayam |
|
| 260 |
_aDelhi _bNew Bhartiya Book _c2016 |
||
| 300 |
_aliv,622p. _ccm. |
||
| 650 |
_aSanskrit _9391587 |
||
| 942 |
_hR, Q6 _cTEXL _2CC |
||
| 999 |
_c745280 _d745280 |
||